| 000 | 00000nam 2200000zi 4500 |
| 001 | 9.892926 |
| 003 | CaOODSP |
| 005 | 20230503112024 |
| 006 | m o d f |
| 007 | cr bn||||||||| |
| 008 | 200828e199801##oncd ob f000 0 eng d |
| 040 | |aCaOODSP|beng|erda|cCaOODSP |
| 043 | |an-cn--- |
| 086 | 1 |aIu23-66/1998E-PDF |
| 100 | 1 |aSchwartz, Saul, |d1951- |eauthor. |
| 245 | 13|aAn empirical study of Canadians seeking personal bankruptcy protection / |cSaul Schwartz, Leigh Anderson. |
| 264 | 1|a[Ottawa] : |b[Industry Canada], |cJanuary 1998. |
| 300 | |a1 online resource (96 pages) : |bgraphs |
| 336 | |atext|btxt|2rdacontent |
| 337 | |acomputer|bc|2rdamedia |
| 338 | |aonline resource|bcr|2rdacarrier |
| 500 | |aDigitized edition from print [produced by Innovation, Science and Economic Development Canada]. |
| 500 | |aIssued also in French under title: Analyse empirique d'un eĢchantillon de canadiens sollicitant la protection de la loi de la faillite. |
| 504 | |aIncludes bibliographical references. |
| 650 | 0|aBankruptcy|zCanada. |
| 650 | 0|aDebtor and creditor|zCanada. |
| 710 | 1 |aCanada. |bIndustry Canada, |eissuing body. |
| 775 | 08|tAnalyse empirique d'un eĢchantillon de canadiens sollicitant la protection de la loi de la faillite / |w(CaOODSP)9.922204 |
| 856 | 40|qPDF|s1.43 MB|uhttps://publications.gc.ca/collections/collection_2023/isde-ised/Iu23-66-1998-eng.pdf |